MARC details
| 000 -LEADER |
| fixed length control field |
02038cam a22004691i 4500 |
| 001 - CONTROL NUMBER |
| control field |
200468143 |
| 003 - CONTROL NUMBER IDENTIFIER |
| control field |
TR-AnTOB |
| 005 - DATE AND TIME OF LATEST TRANSACTION |
| control field |
20260416120005.0 |
| 007 - PHYSICAL DESCRIPTION FIXED FIELD--GENERAL INFORMATION |
| fixed length control field |
ta |
| 008 - FIXED-LENGTH DATA ELEMENTS--GENERAL INFORMATION |
| fixed length control field |
260416s1961 cau 000 0 eng d |
| 010 ## - LIBRARY OF CONGRESS CONTROL NUMBER |
| LC control number |
61009015 |
| 016 ## - NATIONAL BIBLIOGRAPHIC AGENCY CONTROL NUMBER |
| Record control number |
(AMICUS)000008854505 |
| 035 ## - SYSTEM CONTROL NUMBER |
| System control number |
(CU-S)b13615191-01ucs_sdi |
|
| System control number |
(OCoLC)00275644 |
| Canceled/invalid control number |
(OCoLC)977951820 |
| -- |
(OCoLC)1327879510 |
| -- |
(OCoLC)1327891825 |
|
| System control number |
(OCoLC)ocm00275644 |
|
| System control number |
(EXLNZ-01UCS_NETWORK)9912418556606531 |
| 040 ## - CATALOGING SOURCE |
| Original cataloging agency |
DLC |
| Language of cataloging |
eng |
| Description conventions |
rda |
| Transcribing agency |
DLC |
| Modifying agency |
WSU |
| -- |
OCLCG |
| -- |
MOF |
| -- |
P4I |
| -- |
OCLCQ |
| -- |
OCLCF |
| -- |
OCLCO |
| -- |
OCLCQ |
| -- |
HTC |
| -- |
NLC |
| -- |
OCLCQ |
| -- |
WYU |
| -- |
OCLCO |
| -- |
OCLCL |
| -- |
TR-AnTOB |
| 041 0# - LANGUAGE CODE |
| Language code of text/sound track or separate title |
İngilizce |
| 042 ## - AUTHENTICATION CODE |
| Authentication code |
premarc |
| 049 ## - LOCAL HOLDINGS (OCLC) |
| Holding library |
MAIN |
| 050 00 - LIBRARY OF CONGRESS CALL NUMBER |
| Classification number |
PS3048 |
| Item number |
.L3 1961 |
| 055 01 - CLASSIFICATION NUMBERS ASSIGNED IN CANADA |
| Classification number |
PS3048 |
| 084 ## - OTHER CLASSIFICATION NUMBER |
| Classification number |
cci1icc |
| Number source |
lacc |
|
| Classification number |
coll1 |
| Number source |
lacc |
| 090 ## - LOCALLY ASSIGNED LC-TYPE CALL NUMBER (OCLC); LOCAL CALL NUMBER (RLIN) |
| Classification number (OCLC) (R) ; Classification number, CALL (RLIN) (NR) |
PS3048 |
| Local cutter number (OCLC) ; Book number/undivided call number, CALL (RLIN) |
.L3 1961 TıpFaK |
| 100 1# - MAIN ENTRY--PERSONAL NAME |
| Personal name |
Lane, Lauriat, |
| Dates associated with a name |
1925-2005 |
| Authority record control number or standard number |
http://id.loc.gov/authorities/names/no2007145840 |
| Relator term |
author |
| 9 (RLIN) |
153714 |
| 245 10 - TITLE STATEMENT |
| Title |
Approaches to Walden / |
| Statement of responsibility, etc. |
Lauriat Lane. |
| 264 #1 - PRODUCTION, PUBLICATION, DISTRIBUTION, MANUFACTURE, AND COPYRIGHT NOTICE |
| Place of production, publication, distribution, manufacture |
San Francisco : |
| Name of producer, publisher, distributor, manufacturer |
Wadsworth Pub. Co., |
| Date of production, publication, distribution, manufacture, or copyright notice |
[1961]. |
| 300 ## - PHYSICAL DESCRIPTION |
| Extent |
viii, 135 pages ; |
| Dimensions |
22 cm. |
| 336 ## - CONTENT TYPE |
| Content type term |
text |
| Content type code |
txt |
| Source |
rdacontent |
| 337 ## - MEDIA TYPE |
| Media type term |
unmediated |
| Media type code |
n |
| Source |
rdamedia |
| 338 ## - CARRIER TYPE |
| Carrier type term |
volume |
| Carrier type code |
nc |
| Source |
rdacarrier |
| 490 0# - SERIES STATEMENT |
| Series statement |
Wadsworth guides to literary study |
| 504 ## - BIBLIOGRAPHY, ETC. NOTE |
| Bibliography, etc. note |
Includes bibliographical references. |
| 505 0# - FORMATTED CONTENTS NOTE |
| Formatted contents note |
Part one: Readings -- First approach: Walden -- Second approach: Seeds of Walden -- Third approach: Evaluations of Walden -- Fourth approach: Walden a hundred years later -- Fifth approach: One man's Walden -- Sixth approach: The uses of Walden -- Part two: Comment, questions, and topics -- Part three: Recommended further readings. |
| 583 1# - ACTION NOTE |
| Action |
committed to retain |
| Time/date of action |
20170930 |
| Action interval |
20421231 |
| Authorization |
HathiTrust Shared Print Program |
| Uniform Resource Identifier |
<a href="https://www.hathitrust.org/shared_print_program">https://www.hathitrust.org/shared_print_program</a> |
| 600 10 - SUBJECT ADDED ENTRY--PERSONAL NAME |
| Personal name |
Thoreau, Henry David, |
| Dates associated with a name |
1817-1862 |
| Title of a work |
Walden. |
| Authority record control number or standard number |
http://id.loc.gov/authorities/names/n83038633 |
| 9 (RLIN) |
44703 |
| 630 07 - SUBJECT ADDED ENTRY--UNIFORM TITLE |
| Uniform title |
Walden (Thoreau, Henry David) |
| Source of heading or term |
fast |
| Authority record control number or standard number |
(OCoLC)fst01356368 |
| 942 ## - ADDED ENTRY ELEMENTS (KOHA) |
| Source of classification or shelving scheme |
Library of Congress Classification |
| Koha item type |
Book |